Indomptable-Nej' - Statistiques

Statistiques générales
  • Ce quiz a été pris 182 fois
  • Le résultat moyen est 208 sur 320
Statistiques - réponses
Réponse % Correct
je
91%
Je
91%
à
89%
Tu
89%
tu
89%
me
88%
83%
la
83%
le
83%
veux
83%
accro
82%
complètement
82%
les
82%
Les
82%
love
82%
que
82%
rendre
82%
mots
81%
81%
ou
81%
pas
81%
plus
81%
te
81%
mal
80%
ne
80%
chéri
79%
indomptable
76%
on
76%
On
76%
du
75%
se
75%
Ta
75%
toujours
75%
et
74%
moi
74%
vent
73%
actes
72%
beaucoup
71%
t'es
71%
tes
71%
vais
71%
valent
71%
comprends
70%
m'emporte
70%
suis
70%
intenable
68%
porte
68%
mais
67%
colère
66%
Électron
66%
libre
65%
t'aime
65%
ces
64%
c'est
63%
mes
63%
pour
63%
toi
63%
derrière
62%
déteste
62%
dévore
62%
faux
62%
réponds
61%
sans
61%
t'en
61%
est
60%
fini
58%
m'insultes
57%
s'fera
57%
comme
55%
vas
55%
vivre
55%
j'ai
54%
payer
54%
pourtant
54%
force
53%
fais
52%
quand
52%
ça
51%
moindres
51%
n'ai
51%
une
51%
maladie
50%
n'y
50%
amour
49%
bébé
49%
faut
49%
arrive
48%
mélodie
48%
notre
48%
sais
47%
taire
47%
bout
46%
défaut
46%
divague
46%
faire
46%
manière
46%
mettre
46%
pardonne
46%
qui
46%
terre
46%
t'ouvrirais
46%
déchire
45%
laissé
45%
laisse
45%
oh
45%
ton
45%
haine
44%
homme
44%
mon
44%
n'me
44%
personne
44%
pousses
44%
as
43%
jusqu'à
43%
manies
43%
nan
42%
parfois
42%
autres
41%
folle
41%
qu'on
41%
yeux
41%
gros
40%
nous
40%
si
40%
sonnent
40%
tout
40%
car
39%
désire
39%
disent
39%
guérie
39%
même
39%
n'le
39%
tomber
39%
est-ce
38%
années
37%
deux
37%
erreurs
37%
toutes
37%
connait
36%
croire
36%
épaules
36%
fauté
36%
depuis
35%
filer
35%
essayer
34%
sur
34%
aurait
33%
devenue
33%
s'est
31%
albi
22%
pardonnent
18%
Aucun quiz correspondant
Distribution des résultats
% des personnes avec chaque résultat
Percentile par nombre de réponses
Votre historique - résultats
Vous n’avez pas pris ce quiz